000 00373nam a2200145Ia 4500
003 OSt
005 20240302161027.0
008 170524s9999 xx 000 0 und d
020 _a81-230-0826-0
040 _ciimtu meerut
100 _aBHIST- RAJENDRA SINGH
245 0 _aBHARAT KE RASHTRIYA UDYAN
260 _bN DELHI: SUCHANA AVAM PRASHARAN MANTRALYA
942 _2ddc
_c02
999 _c9508
_d9508